[Event "190th open MGU"]
[Site "Sofia"]
[Date "2017.09.24"]
[Round "6.4"]
[White "Simov, Zahari"]
[Black "Chowaniec, Artur"]
[Result "0-1"]
[WhiteElo "1467"]
[BlackElo "1660"]
[PlyCount "134"]
[EventDate "2017.09.23"]
[EventType "swiss"]
[EventRounds "6"]
[EventCountry "BUL"]

1. e4 c5 2. Nc3 a6 3. a4 e6 4. g3 g6 5. Bg2 Bg7 6. d3 Ne7 7. Nge2 Nbc6 8. O-O (
{RR} 8. Bg5 O-O 9. Qd2 Nd4 10. h4 h5 11. O-O Kh7 12. a5 d6 13. Na4 Bd7 14. Nb6
Rb8 15. Nxd4 cxd4 16. Qb4 Bb5 17. Bf4 e5 18. Bg5 f6 19. Bc1 Bc6 20. Qb3 Nc8 21.
Nxc8 Qxc8 22. Bd2 Qc7 {
Janska,J (2052)-Saumanaite,S (1905)/Prague 2016/CBM 174 Extra/1/2 (76)}) 8...
Nd4 $146 ({RR} 8... O-O 9. Be3 Nd4 10. f4 d6 11. g4 Rb8 12. Rb1 f5 13. gxf5
exf5 14. Ng3 Be6 15. Nd5 fxe4 16. Nxe7+ Qxe7 17. dxe4 Rbd8 18. c3 Nc6 19. Qc2
Na5 20. Rbe1 Bb3 21. Qc1 Nc4 22. f5 Nxe3 23. Qxe3 {Debray,T (2145)
-Guramishvili,S (2302)/Barbera del Valles 2008/CBM 125 Extra/0-1 (35)}) ({RR} 
8... d6 9. Be3 Nd4 10. Qd2 Rb8 11. Rab1 Nec6 12. Bh6 Bxh6 13. Qxh6 Nxc2 14. f4
Ne3 15. Rf3 Ng4 16. Qh3 f5 17. exf5 exf5 18. Nd5 O-O 19. Nec3 b5 20. axb5 axb5
21. Re1 b4 22. Nd1 Re8 23. Rff1 {
Esonboeva,G (1959)-Hamrakulova,Y (2182)/Tashkent 2007/EXT 2015/1/2 (98)}) ({RR
} 8... d5 9. exd5 exd5 10. Nf4 {
1/2 Steinberg,B-Rumiancev,G (2370)/Polanica Zdroj 1996/EXT 1998}) 9. Nxd4 Bxd4
10. Ne2 Bg7 11. c3 d5 12. exd5 Nxd5 13. Nf4 Ne7 14. Be3 Qc7 15. Qc1 Nf5 16. Bd2
O-O 17. Be4 Nd6 18. Bg2 Bd7 19. Ne2 Bc6 20. f3 Rac8 21. Bh6 Nf5 22. Bxg7 Kxg7
23. Re1 Rfd8 24. Qd2 b6 25. Nc1 Qd7 26. f4 Bxa4 27. c4 Bc6 28. Bxc6 Rxc6 29.
Rxa6 Qd4+ 30. Qf2 h5 31. Qxd4+ Nxd4 32. Kf2 Nc2 33. Rd1 Rcd6 34. Ke2 Nd4+ 35.
Kf2 Nf5 36. Re1 Nh6 37. h3 Ng8 38. Re3 Nf6 39. Kf3 Nd7 40. Kf2 Nb8 41. Ra7 Nc6
42. Ra3 Nb4 43. Rf3 Nc2 44. Ra7 Nd4 45. Re3 R8d7 46. Rxd7 Rxd7 47. Re1 Ra7 48.
Ne2 Nc2 49. Rb1 Nb4 50. Ke3 Kf6 51. Nc3 e5 52. fxe5+ Kxe5 53. Kd2 Rd7 54. Re1+
Kf6 55. Ne4+ Kg7 56. Re3 Nc6 57. Nc3 Na5 58. Kc2 Nc6 59. Nd5 Nd4+ 60. Kc3 b5
61. b3 g5 62. Re1 b4+ 63. Nxb4 cxb4+ 64. Kb2 f5 65. Ra1 f4 66. gxf4 gxf4 67.
Ra4 f3 0-1

[Event "190th open MGU"]
[Site "Sofia"]
[Date "2017.09.24"]
[Round "6.5"]
[White "Velikov, Nikola"]
[Black "Dimov, Nikola"]
[Result "1/2-1/2"]
[WhiteElo "1179"]
[BlackElo "1551"]
[PlyCount "79"]
[EventDate "2017.09.23"]
[EventType "swiss"]
[EventRounds "6"]
[EventCountry "BUL"]

1. Nf3 Nf6 2. g3 g6 3. Bg2 Bg7 4. O-O O-O 5. d3 d6 6. Nbd2 c5 7. e4 Qc7 ({RR} 
7... Nbd7 8. c3 b6 9. a4 Bb7 10. Re1 e6 11. Nc4 Ne8 12. Qb3 d5 13. Na5 bxa5 14.
Qxb7 Rb8 15. Qa6 Rb6 16. Qxa5 dxe4 17. dxe4 Qb8 18. e5 Nc7 19. c4 Na6 20. Qc3
h6 21. a5 Rb3 22. Qc2 {
Markovic,M (2485)-Vojinovic,G (2420)/Niksic 1996/EXT 2000/1/2 (40)}) ({RR} 7...
e5 8. Ne1 Bd7 9. f4 exf4 10. Rxf4 Nh5 11. Rf1 Qb6 12. Nc4 Qc7 13. c3 b5 14. e5
Bc6 15. Bxc6 Qxc6 16. Nxd6 Bxe5 17. Ne4 Nd7 18. Qf3 f5 19. Ng5 Qxf3 20. Nexf3
Bg7 21. Ne6 Rf6 22. Nxg7 {
Da Costa Neta,E (1800)-Peixoto,F (1609)/Maraba 2016/CBM 172 Extra/0-1 (63)}) 8.
a4 Nbd7 9. Nc4 Rb8 10. Ne3 $146 ({RR} 10. e5 dxe5 11. Nfxe5 Nxe5 12. Nxe5 Ne8
13. Nc4 Nd6 14. Bf4 Be6 15. Nxd6 exd6 16. c3 Rbd8 17. Qd2 Qc8 18. Rfe1 b6 19.
Bh6 Qd7 20. Re4 f6 21. Rae1 Rde8 22. Rxe6 Rxe6 23. Bd5 Bxh6 24. Qxh6 Rfe8 {
Munoz Orts,G-Del Arco Gimeno,J/Ateneo 1992/EXT 1998/1/2 (51)}) 10... b6 11. Nd2
Bb7 12. f4 e6 13. Qe2 a6 14. Qf2 b5 15. axb5 axb5 16. f5 exf5 17. exf5 Bxg2 18.
Kxg2 Qc6+ 19. Kg1 Ne5 20. Qg2 Qxg2+ 21. Kxg2 Ra8 22. Rb1 Neg4 23. Ne4 Nxe4 24.
dxe4 Nf6 25. Nd5 Nxe4 26. f6 Nxf6 27. Nxf6+ Kh8 28. Nd7 Rfe8 29. Bg5 f5 30. Kg1
Bd4+ 31. Kh1 Re2 32. c3 Bxc3 33. bxc3 Raa2 34. Rfc1 Rxh2+ 35. Kg1 Rhg2+ 36. Kf1
Rgf2+ 37. Ke1 Rh2 38. Kf1 Raf2+ 39. Kg1 Rfg2+ 40. Kf1 1/2-1/2

[Event "190th open MGU"]
[Site "Sofia"]
[Date "2017.09.24"]
[Round "6.6"]
[White "Evtimova, Bilyana"]
[Black "Metev, Martin"]
[Result "0-1"]
[WhiteElo "1203"]
[BlackElo "1965"]
[PlyCount "36"]
[EventDate "2017.09.23"]
[EventType "swiss"]
[EventRounds "6"]
[EventCountry "BUL"]

1. d4 e6 2. Nf3 Nf6 3. Bf4 d5 4. e3 Bd6 5. Be2 ({RR} 5. Bg5 Nbd7 6. c4 c6 7.
Nc3 Qa5 8. c5 Bb8 9. Nd2 e5 10. Be2 Qc7 11. b4 Nf8 12. Nb3 Ng6 13. Qc2 Qe7 14.
O-O-O h6 15. Bxf6 Qxf6 16. g3 exd4 17. exd4 O-O 18. Bd3 Bc7 19. f4 a5 {
Braga,F (2455)-Van Riemsdijk,H (2395)/Buenos Aires 1997/CBM 058 Extra/0-1 (35)}
) 5... Bxf4 6. exf4 Qd6 $146 ({RR} 6... c5 7. dxc5 Qa5+ 8. c3 Qxc5 9. O-O O-O
10. Nbd2 Bd7 ({RR} 10... Nc6 11. Ne5 Nd7 12. Nxd7 Bxd7 13. Bd3 Ne7 14. Qh5 g6
15. Qh6 Bb5 16. Nf3 f6 17. Nd4 Bd7 18. Rae1 Qd6 19. Re3 e5 20. fxe5 fxe5 21.
Rfe1 e4 22. f3 Nf5 23. Nxf5 Rxf5 24. fxe4 dxe4 25. Bc4+ {Palencia Morales,G
(2266)-Guerrero Vargas,A (2296)/Caracas 2015/CBM 170 Extra/1/2}) 11. Qb3 Nc6
12. Ne5 Na5 13. Qc2 Qc7 14. Bd3 Nc6 15. Ndf3 Rac8 16. Rac1 g6 17. Rfe1 Nh5 18.
g3 Be8 19. Qe2 Ng7 20. Bb1 a6 21. Ng4 {
Zhuravlev,N-Lerner,A/Ozery 1997/EXT 2001/1-0 (60)}) 7. g3 Qb4+ 8. c3 Qxb2 9.
Nbd2 Qxc3 10. O-O O-O 11. Rc1 Qa5 12. Qb3 c6 13. Rfe1 Qb6 14. Qxb6 axb6 15. Rb1
Rxa2 16. Rxb6 Nbd7 17. Rbb1 b6 18. Ra1 Rxa1 0-1